| 000 | 00648nam a22001817a 4500 | ||
|---|---|---|---|
| 008 | 180904b xxu||||| |||| 00| 0 spa d | ||
| 020 | _a978-987-521-860-4 | ||
| 082 |
_214 _a630 |
||
| 100 | 1 |
_aAndrade, Fernando H. _ecomp. _96289 |
|
| 245 | 1 | 4 |
_aLos desafíos de la agricultura argentina : _bsatisfacer las futuras demandas y reducir el impacto ambiental / _cCompilador Fernando Andrade |
| 260 |
_aBuenos Aires : _bINTA, _c2017. |
||
| 300 | _a120 p. | ||
| 650 | 0 |
_91410 _aAGRICULTURA |
|
| 650 | 1 | 0 |
_92246 _aIMPACTO AMBIENTAL |
| 856 | 4 | 1 | _uhttps://repositorio.inta.gob.ar/handle/20.500.12123/2149 |
| 942 |
_2ddc _cLIBRO |
||
| 980 |
_81943 _gVALERIA BEATRIZ DOMÍNGUEZ |
||
| 999 |
_c4284 _d4284 |
||